| 000 | 00849nam a2200229Ia 4500 | ||
|---|---|---|---|
| 008 | 191130s2006##################000#0#eng## | ||
| 020 | _a9780199555444 | ||
| 040 |
_aACL _cACL |
||
| 082 | _a824.6 COL | ||
| 100 | _aCollier, Jane | ||
| 245 |
_aAn essay on the art of ingeniously tormenting _cJane Collier ; edited with an introduction and notes by Katherine A. Craik |
||
| 260 |
_aOxford _bOxford University Press _c2006 |
||
| 300 | _axlv, 111 p. ; 20 cm | ||
| 500 | _aIncludes bibliographical references (p. [xl]-xliii) | ||
| 650 | _aConduct of life - Humor - Early works to 1800 | ||
| 650 | _aInterpersonal relations - Humor - Early works to 1800 | ||
| 650 | _aWomen - Conduct of life - Humor - Early works to 1800 | ||
| 700 | _aCraik, Katharine A | ||
| 990 | _ade12ef4dac10000c13d654c7f9344a99 | ||
| 991 | _a369691 | ||
| 999 |
_c244594 _d244594 |
||